000 00533nam a2200145 4500
008 151204b xxu||||| |||| 00| 0 eng d
020 _a0961646101
050 _aSPE RC 925 .D83 1985
100 _aSaunders, H. Duane
_d1985
245 _aEvaluation, Treatment and Prevention of Musculoskeletal Disorders
_cH. Duane Saunders
260 _aBloomington:
_bEducational Opportunities,
_c1985.
300 _aix, 328p.: ill.
_bIncludes Index,
650 _aPhysical Theraphy
942 _2lcc
_cBOOKS
_hSPE RC 925 .D83 1985
999 _c10364
_d10364